| 000 | 01355naa a22003257a 4500 | ||
|---|---|---|---|
| 001 | BR8106046 | ||
| 003 | BR-BrBNA | ||
| 005 | 20240918174912.0 | ||
| 007 | ta | ||
| 008 | 230509b bl.||||| |||| 00| 0 por d | ||
| 040 |
_aBR-BrBNA _bpor _cBiblioteca Nacional de Agricultura |
||
| 041 | _a(En) | ||
| 072 |
_aF22; F60 _b0230 _b0120 _b1410 _bG514 |
||
| 090 | _aF22 BR8106046 | ||
| 100 | 1 | _aReichardt, K. | |
| 111 | 1 |
_aSymposium on the Soil/Root System _cLondrina, PR (Brazil) _d4 Mar 1980 |
|
| 245 | 1 | _aSoil physico-chemical conditions and the development of roots [quimica do solo, fisica do solo, crescimento, raiz, cana de acucar, milho, feijao, Brasil] | |
| 260 | 3 |
_aLondrina, PR (Brasil): _c1981. |
|
| 500 | _aRussel, R.S.; Igue, K.; Mehta, Y.R. (eds.) The soil/root system in relation to Brazilian agriculture Londrina, PR (Brasil): 1981. p. 103-114 (BR8106046-AM)F22 | ||
| 650 | _aCRESCIMENTO | ||
| 650 | _aRAIZ | ||
| 650 | _aCANA DE ACUCAR | ||
| 650 | _aMILHO | ||
| 650 | _aFEIJAO | ||
| 650 | _aABSORCAO | ||
| 650 | _aANALISE DO SOLO | ||
| 773 | 0 |
_tThe soil/root system in relation to Brazilian agriculture _aRussel, R.S.; Igue, K.; Mehta, Y.R. (eds.). Fundacao Instituto Agronomico do Parana, Curitiba (Brasil) _wF22 BR8106046 _gLondrina, PR (Brasil), 1981. p. 103-114 |
|
| 909 |
_a202404 _bLucia _c55 _dLucia Elande |
||
| 942 |
_cAM _2AGRIS |
||
| 999 |
_c314302 _d314302 |
||